MDW Direct Flights - Statistics

General Stats
  • This quiz has been taken 12 times
    5 since last reset
  • The average score is 86 of 93
Answers on the Map
Answers color-coded by a green-red scale on the quiz's map according to % correct below.
 
Answer Stats
Answer % Correct
Albany
100%
Atlanta
100%
Austin
100%
Baltimore/Washington D.C.
100%
Boston
100%
Buffalo/Niagara Falls
100%
Cancún
100%
Charleston
100%
Charlotte
100%
Cincinnati/Northern Kentucky
100%
Cleveland
100%
Colorado Springs
100%
Columbus
100%
Dallas-Fort Worth
100%
Dallas Love Field
100%
Denver
100%
Destin-Fort Walton Beach
100%
Detroit
100%
Fort Lauderdale-Hollywood
100%
Fort Myers
100%
Hartford
100%
Houston Bush
100%
Houston Hobby
100%
Indianapolis
100%
Jacksonville
100%
Las Vegas
100%
Los Angeles
100%
Louisville
100%
Memphis
100%
Miami
100%
Milwaukee
100%
Minneapolis-St. Paul
100%
Montego Bay
100%
Myrtle Beach
100%
Nashville
100%
Newark-New York
100%
New Orleans
100%
New York City
100%
Norfolk
100%
Oakland
100%
Oklahoma City
100%
Ontario
100%
Orlando
100%
Panama City
100%
Philadelphia
100%
Phoenix
100%
Pittsburgh
100%
Portland ME
100%
Portland OR
100%
Providence
100%
Punta Cana
100%
Punta Gorda
100%
Raleigh-Durham
100%
Richmond
100%
Sacramento
100%
Salt Lake City
100%
San Antonio
100%
San Diego
100%
San Jose
100%
San Juan
100%
Sarasota-Bradenton
100%
Savannah/Hilton Head
100%
Seattle-Tacoma
100%
St. Louis
100%
Tampa
100%
Toronto
100%
Tucson
100%
Washington D.C.
100%
Aguascalientes
75%
Albuquerque
75%
Asheville
75%
Birmingham
75%
Burbank/Hollywood
75%
Des Moines
75%
Durango
75%
Grand Rapids
75%
Guadalajara
75%
Kansas City
75%
León/Guanajuato
75%
Long Beach
75%
Los Cabos
75%
Manchester-Boston
75%
Omaha
75%
Pensacola
75%
Rochester
75%
San Francisco
75%
Tulsa
75%
Wichita
75%
El Paso
50%
Knoxville
50%
Morelia
50%
Palm Springs
50%
Zacatecas
50%
No matching quizzes found
Score Distribution
Percent of People with Each Score
Percentile by Number Answered
Your Score History
You have not taken this quiz since the last reset